000 00617cam a22002293a 4500
001 979
003 PGUSA
005 20140828082955.0
008 970701s1997||||xxu|||||s|||||000 | eng d
040 _aPGUSA
_beng
042 _adc
050 4 _aTK
100 1 _aMunro, John,
_d1849-1930
245 1 0 _aHeroes of the Telegraph
_h[electronic resource] /
_cJohn Munro
260 _bProject Gutenberg,
_c1997
506 _aPublic domain in the USA.
516 _aElectronic text
653 _aTelegraph -- History
830 0 _aProject Gutenberg
_v979
856 4 0 _uhttp://www.gutenberg.org/ebooks/979
942 _cEB
999 _c230330
_d230330